[Event "Arco op-B 39th"]
[Site "Arco"]
[Date "2017.10.10"]
[Round "3"]
[White "Rizzi, Domenico"]
[Black "Vicze, Kata"]
[Result "0-1"]
[WhiteElo "1631"]
[BlackElo "1459"]
[PlyCount "76"]
[EventDate "2017.10.08"]
[EventType "swiss"]
[EventRounds "8"]
[EventCountry "ITA"]
[SourceTitle "CBM 181 Extra"]
[Source "ChessBase"]
[SourceDate "2017.12.12"]
[SourceVersion "1"]
[SourceVersionDate "2017.12.12"]
[SourceQuality "1"]

1. e4 c5 2. Nf3 Nc6 3. Bb5 e6 4. Bxc6 bxc6 5. 0-0 Ne7 6. Nc3 Ng6 7. d3 Be7 8. Be3 0-0 9. d4 cxd4 10. Bxd4 d5 11. exd5 cxd5 12. Qe2 Qd6 13. Ne5 Ba6 14. Nd3 e5 15. Bxe5 Nxe5 16. Qxe5 Qxe5 17. Nxe5 Bxf1 18. Kxf1 Bf6 19. f4 Bxe5 20. fxe5 Rab8 21. b3 Rbc8 22. Nxd5 Rxc2 23. Ne3 Rc5 24. Nc4 a5 25. Nb6 Re8 26. a4 Rcxe5 27. Nc4 Rf5+ 28. Kg1 Rb8 29. Rd1 g6 30. Rd3 h5 31. h3 Re8 32. Kh2 h4 33. Rd4 Rh5 34. Rd3 Re2 35. Ne3 Rg5 36. Rc3 Rg3 37. Rc8+ Kh7 38. Ng4 Rexg2+ 0-1

[Event "Robecchetto op-C 25th"]
[Site "Robecchetto"]
[Date "2014.12.28"]
[Round "4"]
[White "Rizzi, Domenico"]
[Black "Ruggeri, Igor"]
[Result "1-0"]
[WhiteElo "1624"]
[BlackElo "1511"]
[PlyCount "65"]
[EventDate "2014.12.26"]
[EventType "swiss"]
[EventRounds "6"]
[EventCountry "ITA"]
[SourceTitle "EXT 2024"]
[Source "ChessBase"]
[SourceDate "2023.10.10"]
[SourceVersion "1"]
[SourceVersionDate "2023.10.10"]
[SourceQuality "1"]

1. e4 c6 2. d4 d5 3. Nc3 dxe4 4. Nxe4 Bf5 5. Ng3 Bg6 6. Nf3 h6 7. Bc4 e6 8. Ne5 Qf6 9. 0-0 Bd6 10. Re1 h5 11. Nxg6 Qxg6 12. d5 Bxg3 13. fxg3 cxd5 14. Qxd5 Nc6 15. Qb5 0-0-0 16. Bf4 Nge7 17. Bd3 Nf5 18. Be4 Nfd4 19. Qc5 f5 20. Bxc6 Nxc6 21. Qc4 Rhe8 22. c3 Qf6 23. Be5 Qf7 24. b4 a6 25. a4 Kd7 26. Rad1+ Kc8 27. Rxd8+ Rxd8 28. b5 axb5 29. axb5 Qd7 30. bxc6 bxc6 31. Rb1 Qa7+ 32. Kh1 Kd7 33. Qd4+ 1-0

[Event "Amantea op-B 7th"]
[Site "Amantea"]
[Date "2009.09.03"]
[Round "4"]
[White "Rizzi, Domenico"]
[Black "Pugliese, Stefano"]
[Result "1-0"]
[WhiteElo "1605"]
[BlackElo "1440"]
[PlyCount "38"]
[EventDate "2009.08.31"]
[EventType "swiss"]
[EventRounds "8"]
[EventCountry "ITA"]
[SourceTitle "CBM 132 Extra"]
[Source "ChessBase"]
[SourceDate "2009.11.03"]
[SourceVersion "1"]
[SourceVersionDate "2009.11.03"]
[SourceQuality "1"]

1. e4 f6 2. d4 e6 3. Nf3 d5 4. e5 c5 5. Nh4 fxe5 6. Qh5+ Kd7 7. Nf3 h6 8. Nxe5+ Kd6 9. Nf7+ Kd7 10. Nxd8 Kxd8 11. Bg5+ Kd7 12. Qf7+ Kc6 13. Qxf8 h5 14. Qxc5+ Kd7 15. Bf4 Nc6 16. Qd6+ Ke8 17. Bd3 Nge7 18. Bg5 Nf5 19. Qa3 Ncxd4 1-0

[Event "Amantea op-B 7th"]
[Site "Amantea"]
[Date "2009.08.31"]
[Round "1"]
[White "Lapenna, Michelangelo"]
[Black "Rizzi, Domenico"]
[Result "0-1"]
[WhiteElo "1849"]
[BlackElo "1605"]
[PlyCount "154"]
[EventDate "2009.08.31"]
[EventType "swiss"]
[EventRounds "8"]
[EventCountry "ITA"]
[SourceTitle "CBM 132 Extra"]
[Source "ChessBase"]
[SourceDate "2009.11.03"]
[SourceVersion "1"]
[SourceVersionDate "2009.11.03"]
[SourceQuality "1"]

1. d4 d5 2. Nf3 e6 3. c4 c6 4. Nc3 Nf6 5. Bg5 Bb4 6. Qb3 Bxc3+ 7. bxc3 Nbd7 8. e3 Qa5 9. Bf4 Ne4 10. Rc1 0-0 11. h3 Nb6 12. Bc7 Qa4 13. c5 Qxb3 14. axb3 Nd7 15. b4 b6 16. Bd3 Ndf6 17. Ne5 Bb7 18. Bxe4 Nxe4 19. Nd7 Rfc8 20. cxb6 axb6 21. Nxb6 Rxc7 22. Nxa8 Bxa8 23. Ra1 Bb7 24. Ra3 Kf8 25. Ke2 Ke8 26. Rha1 Kd8 27. f3 Nd6 28. Kd3 f5 29. g4 g6 30. gxf5 exf5 31. h4 Ke7 32. h5 g5 33. Rg1 Kf6 34. Ra2 h6 35. Rga1 g4 36. fxg4 fxg4 37. Rg1 Kg5 38. Rag2 Bc8 39. Ra2 Kxh5 40. Rh2+ Kg5 41. Rgh1 Nf7 42. e4 Be6 43. e5 Bf5+ 44. Ke3 Ra7 45. Rb2 Ra3 46. Rc1 h5 47. b5 cxb5 48. Rxb5 g3 49. Rxd5 Kg4 50. Rb5 h4 51. Rb8 g2 52. Rg8+ Ng5 53. Kf2 Ra2+ 54. Ke3 h3 55. Rh8 Kg3 56. Rg8 Kh4 57. Rh8+ Kg3 58. Rg8 Kg4 59. Rh8 Rc2 60. Rxc2 Bxc2 61. Kf2 Ne4+ 62. Kg1 Nxc3 63. Rg8+ Kf4 64. e6 Ne2+ 65. Kh2 g1Q+ 66. Rxg1 Nxg1 67. e7 Bg6 68. d5 Be8 69. d6 Bd7 70. Kxg1 Kg3 71. Kh1 Bc6+ 72. Kg1 h2+ 73. Kf1 h1Q+ 74. Ke2 Qe4+ 75. Kf1 Qe3 76. e8Q Qxe8 77. d7 Bxd7 0-1